LEADER 01098nam a2200289 a 4500 001 000000133893 003 CaOOAMICUS 005 20130510114552.0 008 130510s2003 it u001 0 ita r 020 $a88-389-1893-7 040 $aPUL$bita 100 1 $aMotta, Mario,$d1923-$0(OLS)http://pul/name/86270 245 12$aL'oggetto della mimesi :$barte e filosofia /$cMario Motta. 260 $aPalermo :$bSellerio,$c©2003. 300 $a111 p. ;$c22 cm 490 1 $aLa diagonale ;$v115 504 $aBibliografia in nota. 650 14$aArte$xFilosofia.$0(OLS)http://pul/subject/18956 830 3$aLa diagonale ;$v115.$0(OLS)http://pul/title/157329 850 $aPUL 852 $aPUL$W1$xDP1 Fondo E. Rossi$y115$m1 M 34$j153926$qFondi$B153500$CPULBib$Z2$F153500 $82 941 1 $a1 961 $aSul dorso collocazione ms. di E. Rossi: M 31 5 996 $6020$a88-389-1893-7$9(OLS)http://pul/number/152680 996 $6245$aL'oggetto della mimesi :$barte e filosofia$9(OLS)http://pul/title/169259 996 $6260$aPalermo :$bSellerio$9(OLS)http://pul/publisher/66919 LEADER 01121nam a2200277 u 4500 001 000000046758 003 CaOOAMICUS 005 20070226114817.0 008 990720s1950 fr u000 u fre u 035 $a10830250 040 $aPUL(R)$bita 245 03$aLe couple chrétien :$bl'amour et le mariage devant l'église /$cDaniel Rops ... [et al.]. 260 $aParis :$bLe Livre contemporain,$c1950. 300 $a211 p. ;$c21 cm 500 $aContiene indici. 504 $aBibliografia in nota. 650 4$aMatrimonio$xAspetti morali e religiosi.$0(OLS)http://pul/subject/69 650 4$aConiugi.$0(OLS)http://pul/subject/44233 700 1 $aRops, Daniel.$0(OLS)http://pul/name/23821 850 $aPUL 852 $aPUL$W1$xSL Religione 1$y3$m39 D 69$j62595$nBK-PRI$b $qStampati$B62595$CPULBib$Z2$F62595 $H $81 941 1 $a8 960 $aMarito e moglie$944233 961 $aINV: 49273 996 $6245$aLe couple chrétien :$bl'amour et le mariage devant l'église$9(OLS)http://pul/title/62952 996 $6260$aParis :$bLe Livre contemporain$9(OLS)http://pul/publisher/66642